000 00827nam a2200253 a 4500
001 BRL_356
005 20190320210713.0
008 050813s1970----mx-a######---#000-0#spa-#
041 _aspa
044 _amx
050 4 _aND253
_b.C32 1970
100 1 _aCastelló Yturbide, Teresa
_92444
245 1 0 _aBiombos Mexicanos
_cpor Teresa Castelló Yturbide y Marita Martínez del Río de Redo ; edición de Jorge Gurría Lacroix.
260 _aMéxico
_bINAH
_c1970
300 _a171 p.
_bil. (algunas a color)
_c25 cm.
500 _aIncluye lista de ilustraciones
500 _aAu347
504 _aBibliografía : p. 169-171
650 1 4 _aPintura de biombos mexicanos
_923642
700 1 _aMartínez del Río de Redo, Marita
_ecoaut.
_92571
700 1 _aGurría Lacroix, Jorge
_eed.
_919642
902 _aGRL
942 _2lcc
_cB
999 _c9169
_d9169